|
|
|
|
| LEADER |
01552nam a2200385 i 4500 |
| 001 |
EBC5231141 |
| 003 |
MiAaPQ |
| 005 |
20200520144314.0 |
| 006 |
m o d | |
| 007 |
cr cnu|||||||| |
| 008 |
180523s2014 gw o 000 0 eng d |
| 020 |
|
|
|z 9783832538736
|
| 020 |
|
|
|a 9783832595326 (e-book)
|
| 035 |
|
|
|a (MiAaPQ)EBC5231141
|
| 035 |
|
|
|a (Au-PeEL)EBL5231141
|
| 035 |
|
|
|a (CaPaEBR)ebr11539701
|
| 035 |
|
|
|a (OCoLC)1021806319
|
| 040 |
|
|
|a MiAaPQ
|b eng
|e rda
|e pn
|c MiAaPQ
|d MiAaPQ
|
| 050 |
|
4 |
|a QA276.8
|b .K683 2014
|
| 082 |
0 |
|
|a 519.544
|2 23
|
| 100 |
1 |
|
|a Kotchlamazashvili, Zurab,
|e author.
|
| 245 |
1 |
0 |
|a Empirical analysis of the EU term structure of interest rates /
|c Zurab Kotchlamazashvili.
|
| 264 |
|
1 |
|a Berlin :
|b Logos Verlag Berlin,
|c [2014]
|
| 264 |
|
4 |
|c 2014
|
| 300 |
|
|
|a 1 online resource (210 pages)
|
| 336 |
|
|
|a text
|b txt
|2 rdacontent
|
| 337 |
|
|
|a computer
|b c
|2 rdamedia
|
| 338 |
|
|
|a online resource
|b cr
|2 rdacarrier
|
| 588 |
|
|
|a Description based on print version record.
|
| 590 |
|
|
|a Electronic reproduction. Ann Arbor, MI : ProQuest, 2018. Available via World Wide Web. Access may be limited to ProQuest affiliated libraries.
|
| 650 |
|
0 |
|a Estimation theory.
|
| 655 |
|
4 |
|a Electronic books.
|
| 776 |
0 |
8 |
|i Print version:
|a Kotchlamazashvili, Zurab.
|t Empirical analysis of the EU term structure of interest rates.
|d Berlin : Logos Verlag Berlin, c2014
|h 210 pages
|z 9783832538736
|
| 797 |
2 |
|
|a ProQuest (Firm)
|
| 856 |
4 |
0 |
|u https://ebookcentral.proquest.com/lib/matrademy/detail.action?docID=5231141
|z Click to View
|